Faculty of Law Library — Cairo University

Official Online Catalog

Violence : (Record no. 59614)

MARC details
000 -LEADER
fixed length control field 01205nam a22003377a 4500
003 - CONTROL NUMBER IDENTIFIER
control field OSt
005 - DATE AND TIME OF LATEST TRANSACTION
control field 20260127150516.0
008 - FIXED-LENGTH DATA ELEMENTS--GENERAL INFORMATION
fixed length control field 260127t1999 fr ||||fr|||| 000 0 fre d
020 ## - INTERNATIONAL STANDARD BOOK NUMBER
International Standard Book Number 9775813549
040 ## - CATALOGING SOURCE
Original cataloging agency DLC
Transcribing agency DLC
Modifying agency DLC
Language of cataloging fre
Description conventions Rda
041 0# - LANGUAGE CODE
Language code of text/sound track or separate title fre
050 ## - LIBRARY OF CONGRESS CALL NUMBER
Classification number
082 ## - DEWEY DECIMAL CLASSIFICATION NUMBER
Edition number 21
Classification number 255.9
Item number A B . V
092 04 - LOCALLY ASSIGNED DEWEY CALL NUMBER (OCLC)
Edition number 21
099 ## - LOCAL FREE-TEXT CALL NUMBER (OCLC)
Classification number Law1 01 255.9 A B . V 1999
100 1# - MAIN ENTRY--PERSONAL NAME
Personal name `Abd Al-`Aziz, Jum`ah Amin
245 10 - TITLE STATEMENT
Title Violence :
Remainder of title Opinion & Remède
Statement of responsibility, etc. Jum`ah Amin `Abd Al-`Aziz.
246 23 - VARYING FORM OF TITLE
Title proper/short title ظاهرة العنف
Remainder of title : الرؤية والعلاج باللغة الفرنسية
264 #1 - PRODUCTION, PUBLICATION, DISTRIBUTION, MANUFACTURE, AND COPYRIGHT NOTICE
Place of production, publication, distribution, manufacture le Caire :
Name of producer, publisher, distributor, manufacturer Fondation Al-Falah pour la traduction, l'édition et la distribution,
Date of production, publication, distribution, manufacture, or copyright notice 1999.
300 ## - PHYSICAL DESCRIPTION
Extent 174 pages, pages non numérotées, pagination diverse ;
Dimensions 22cm.
Other physical details illustration ;
336 ## - CONTENT TYPE
Source rda contenu
Content type term texte
337 ## - MEDIA TYPE
Source rda medias
Media type term Ordinateur
338 ## - CARRIER TYPE
Source transporteur rda
Carrier type term Ressource en ligne
504 ## - BIBLIOGRAPHY, ETC. NOTE
Bibliography, etc. note Comprend des références bibliographiques.<br/><br/>
546 ## - LANGUAGE NOTE
Language note Texte en français
650 #7 - SUBJECT ADDED ENTRY--TOPICAL TERM
Source of heading or term chariaa
651 1# - SUBJECT ADDED ENTRY--GEOGRAPHIC NAME
Source of heading or term qrmak
856 40 - ELECTRONIC LOCATION AND ACCESS
Uniform Resource Identifier <a href="https://docs.google.com/viewer?url=https://www.muslim-library.com/dl/booksB01-00021.pdf">https://docs.google.com/viewer?url=https://www.muslim-library.com/dl/booksB01-00021.pdf</a>
905 ## - Cataloger and Reviser Names
Cataloger Name: Omar
942 ## - ADDED ENTRY ELEMENTS (KOHA)
Source of classification or shelving scheme Dewey Decimal Classification
Koha item type Books
Suppress in OPAC No
Edition 21
Holdings
Withdrawn status Lost status Source of classification or shelving scheme Damaged status Not for loan Collection Home library Current library Date acquired Total checkouts Full call number Barcode Date last seen Copy number Price effective from Koha item type
    Dewey Decimal Classification   Not for loan الشريعة الإسلامية جــــامعة القــاهرة مكتبة كلية الحقوق - المبنى الرئيسي 27.01.2026   Law1 01 255.9 A B . V 1999 0100021 C1 B01-00021 27.01.2026 1 27.01.2026 Books

© All rights reserved — Faculty of Law, Cairo University